000
00271nam a22001337a 4500
020
_a
978-93-5316-628-1
041
_a
ENG
100
_a
S.S Rattan
245
_a
Theory of Machines
260
_a
Dilhi
_b
MC Graw Hill
_c
2022
300
_a
862
650
_a
FMP
856
_u
FMP
999
_c
3217
_d
3217